Alliterative World Capitals Quiz Stats

 Plays Quiz Updated Apr 18, 2019

Score 0/29 Timer 08:00
12 Plays Today
Capital % Correct
Mexico City, Mexico
84.1%
Brasilia, Brazil
75%
Vatican City, Vatican City
64%
Panama City, Panama
63.5%
Stockholm, Sweden
62.5%
Luxembourg, Luxembourg
61.5%
Monaco, Monaco
59.3%
Brussels, Belgium
58.2%
Algiers, Algeria
57.2%
Guatemala City, Guatemala
56.8%
Tunis, Tunisia
55.1%
San Marino, San Marino
54.9%
Singapore, Singapore
49.8%
Kuwait City, Kuwait
48.7%
Andorra la Vella, Andorra
48.5%
Capital % Correct
Seoul, South Korea
46.9%
Djibouti, Djibouti
44%
Belmopan, Belize
37%
Taipei, Taiwan
36.9%
Male, Maldives
33.9%
Georgetown, Guyana
32.6%
Sao Tome, Sao Tome and Principe
30.7%
Maputo, Mozambique
30.2%
Bridgetown, Barbados
29.6%
Niamey, Niger
27.1%
Bandar Seri Begawan, Brunei
26.3%
Port Moresby, Papua New Guinea
25%
Majuro, Marshall Islands
20.9%
Sri Jayawardenepura Kotte, Sri Lanka
13%

You're not logged in!

Compare scores with friends on all Sporcle quizzes.
OR
Log In

Sporcle TV

Today on Sporcle TV


Watch our educational content, quiz creation guides, and fun videos on Sporcle TV.

Show Comments

Extras

Top Quizzes Today


Score Distribution

Your Account Isn't Verified!

In order to create a playlist on Sporcle, you need to verify the email address you used during registration. Go to your Sporcle Settings to finish the process.

Report this User

Report this user for behavior that violates our Community Guidelines.

Details: